000 00905nam0a22002651 4500
001 rc\2674371
005 20250623152640.0
035 _a(NLR Aleph) 006802886
090 _a6262318
_c6262318
100 _a20110915d1932 |||y0rusy50 ca
101 0 _arus
102 _aRU
105 _aa z |||||
200 1 _aОпыт "Русского дизеля"
_eСтанко-трудочасы
_fН. Константинов. Гр. Питерский
210 _aМосква
_aЛенинград
_cПарт. изд-во
_d1932
_eЛенинград
_gтип. "Печатный двор"
215 _aОбл., 32 с.
_cил.
_d20х13 см.
225 1 _aЗа техпромфинплан
700 1 _aКонстантинов
_bН.
701 1 _aПитерский
_bГр.
801 0 _aRU
_bNLR
_gpsbo
801 1 _aRU
_bELAR
_2rusmarc
852 _aNLR
_j32-10/3076
942 _cBOOK
980 _aNB